000 00260nam a2200109Ia 4500
008 220204s9999 xx 000 0 und d
082 _a331.2(094.5)
_bMUT
100 _aMuthuswamy
245 0 _aPay rules made easy
260 _aMadras
_bSwamy
_c1980
942 _cBK
999 _c44985
_d44985